| 000 | 00598 a2200181 4500 | ||
|---|---|---|---|
| 020 | _a3642075436 | ||
| 020 | _a9783642075438 | ||
| 082 | 0 | 4 | _a530 |
| 090 |
_c458 _d458 |
||
| 100 | 1 | _aAccardi, Luigi. | |
| 245 | 1 | 0 |
_aQuantum theory and its stochastic limit / _cLuigi Accardi, Yun Gang Lu, Igor Volovich. |
| 260 |
_a[S.l.] : _bSpringer, _c2002. |
||
| 300 |
_a493 p. ; _c25 cm. |
||
| 700 | 1 | _aLu, Yun Gang. | |
| 700 | 1 | _aVolovich, Igor. | |
| 942 |
_aSNS _cBK _k530.12 ACC |
||
| 999 |
_c29090 _d29090 |
||